| 000 | 03166cam a2200337 i 4500 | ||
|---|---|---|---|
| 001 | 99117124819804341 | ||
| 005 | 20250321124640.0 | ||
| 008 | 221103r20242023nyuabf 000 0deng | ||
| 010 | _a 2022049664 | ||
| 020 |
_a9781471186264 _qpaperback |
||
| 035 |
_a(OCoLC)1346615839 _z(OCoLC)1382331897 _z(OCoLC)1388672988 _z(OCoLC)1389565419 _z(OCoLC)1390468821 _z(OCoLC)1390830560 _z(OCoLC)1394141087 _z(OCoLC)1398519102 _z(OCoLC)1423715999 _z(OCoLC)1427569394 _z(OCoLC)1428671898 _z(OCoLC)1432817835 _z(OCoLC)1441602939 _z(OCoLC)1452836713 |
||
| 035 | _a(OCoLC)on1346615839 | ||
| 040 |
_aDLC _beng _erda _cDLC _dBDX _dOCLCF _dGK8 _dOCO _dJTH _dRNL _dFHP _dCGP _dYDX _dYUS _dETC _dCPG _dQS3 _dQJK _dOCL _dHQD _dOCLCO _dAUM _dGYG _dSTW _dIOU _dVLW _dCQA _dIG# _dAUNTL _dNLE |
||
| 042 | _apcc | ||
| 043 | _ae-fr--- | ||
| 049 | _aNLES | ||
| 050 | _aHV6665.F73 | ||
| 100 |
_aFinkel, Michael, _eauthor. _924973 |
||
| 245 | 1 | 4 |
_aThe art thief _b: a true story of love, crime and a dangerous obsession _c/ Michael Finkel. |
| 264 | 1 |
_aLondon : _bSimon & Schuster, _c2024. |
|
| 300 |
_a221 pages, 8 unnumbered pages of plates : _billustrations (chiefly colour), maps ; _c22 cm |
||
| 500 | _aFirst published in the USA by Alfred A. Knopf, 2023. | ||
| 504 | _aIncludes bibliographical references. | ||
| 520 | _aOne of the most remarkable true-crime narratives of the twenty-first century: the story of the world’s most prolific art thief, Stéphane Breitwieser. In this spellbinding portrait of obsession and flawed genius, the best-selling author of The Stranger in the Woods brings us into Breitwieser’s strange world—unlike most thieves, he never stole for money, keeping all his treasures in a single room where he could admire them. For centuries, works of art have been stolen in countless ways from all over the world, but no one has been quite as successful at it as the master thief Stéphane Breitwieser. Carrying out more than two hundred heists over nearly eight years—in museums and cathedrals all over Europe—Breitwieser, along with his girlfriend who worked as his lookout, stole more than three hundred objects, until it all fell apart in spectacular fashion. In The Art Thief, Michael Finkel brings us into Breitwieser’s strange and fascinating world. Unlike most thieves, Breitwieser never stole for money. Instead, he displayed all his treasures in a pair of secret rooms where he could admire them to his heart’s content. Possessed of a remarkable athleticism and an innate ability to circumvent practically any security system, Breitwieser managed to pull off a breathtaking number of audacious thefts. Yet these strange talents bred a growing disregard for risk and an addict’s need to score, leading Breitwieser to ignore his girlfriend’s pleas to stop—until one final act of hubris brought everything crashing down. This is a riveting story of art, crime, love, and an insatiable hunger to possess beauty at any cost. | ||
| 600 | 0 |
_aBreitwieser, Stéphane, _d1971- |
|
| 650 | 0 |
_aArt thefts _xInvestigation _zFrance. |
|
| 650 | 0 |
_aArt thieves _vBiography. |
|
| 655 | 0 |
_aTrue crime stories. _924977 |
|
| 655 | 0 |
_aBiographies _922503 |
|
| 942 | _2lcc | ||
| 999 |
_c4558 _d4558 |
||